000
00376nam a2200133Ia 4500
008
100328s9999 xx 000 0 und d
082
_b
63184
100
_a
खडसे एकनाथ.
245
_a
बहुजन हिताय.
260
_b
अनघा.
630
_a
बहुजन हिताय.
730
_a
बहुजन हिताय.
942
_c
BOOK
999
_c
549099
_d
549096